000 01705nam a22004457a 4500
001 000095796
003 CHAP
005 20220817044113.0
008 060524s2006 mx d r 00010 spa d
010 _a92262
011 _a93234
035 _a103806
040 _cCHAP
090 _aTesis
100 1 _aRosales Martínez, Rocío.
_999920
245 1 0 _aBiomasa en arboles jovenes de manzano (Malus domestica B.) 'agua nueva II'/MM106 establecidos con tratamientos de humificación de composta in situ y tamaño de cepa en Chapingo, México /
_c/por Rocío Rosales Martínez.
260 _aChapingo, Méx. :
_bEl autor,
_c2006.
300 _a61 h. :
_bgráfs. ; cuadros.
502 _aTesis (Ing. Agr. Esp. en Fitotecnia) -- UACH. Departamento de Fitotecnia
590 _aALEPH
_b10
_c20130110
_lUCH01
_h1512
590 _aBATCH-UPD
_b10
_c20130110
_lUCH01
_h0730
590 _aBATCH-UPD
_b10
_c20130410
_lUCH01
_h0413
590 _aBATCH-UPD
_b10
_c20130914
_lUCH01
_h0638
590 _aBATCH-UPD
_b10
_c20140324
_lUCH01
_h1457
590 _aBATCH-UPD
_b10
_c20141002
_lUCH01
_h0830
590 _aCONVERSION
_b10
_c20130109
_lUCH01
_h1351
590 _aE5765TAJ
_b10
_c20130611
_lUCH01
_h1307
650 1 4 _aArboles frutales.
650 1 4 _aÁrboles
_xMexico (Edo.)
_96627
650 1 4 _aBiomasa.
_912825
650 1 4 _aCompost.
_926105
650 1 4 _aManzana
_xMéxico (Edo.)
_970788
856 _3Finding aid
_uhttp://10.13.5.2/tesis/103806.pdf
_zTeclea aquí
901 _aBK
905 _aMarco A. Mendoza T.
942 _cCD
942 _n0
949 _aTesis
_bBC
_cTES
_d00000001038061
_eTS1
_gDonaciØn
_h45280
_i103806
_sb
949 _aTesis
_bBC
_cTES
_d33724000961934
_eTS2
_fc.2
_gDonaciØn
_h45190
_i103806
_si
999 _c92262
_d92262